Novelizácia Obchodného zákonníka od 1. februára 2007

Dňa 1. februára 2007 nadobudol účinnosť zákon č. 19/2007 Z.z., ktorým sa mení a dopĺňa Obchodný zákonník. Cieľom novely je odstrániť niektoré legislatívno-technické nedostatky súvisiace s účinnosťou zákona č. 7/2005 Z.z. o konkurze a reštrukturalizácii a o zmene a doplnení niektorých zákonov v znení...

Full description

Saved in:
Bibliographic Details
Main Author: Vajdová, Iveta
Format: Book Chapter
Language:Slovak
Subjects:
Tags: Add Tag
No Tags, Be the first to tag this record!

MARC

LEADER 00000naa$a2200000$$$4500
001 0054923
005 20231127092822.2
041 0 |a slo 
044 |a SK 
245 1 0 |a Novelizácia Obchodného zákonníka od 1. februára 2007  |c Iveta Vajdová 
520 |a Dňa 1. februára 2007 nadobudol účinnosť zákon č. 19/2007 Z.z., ktorým sa mení a dopĺňa Obchodný zákonník. Cieľom novely je odstrániť niektoré legislatívno-technické nedostatky súvisiace s účinnosťou zákona č. 7/2005 Z.z. o konkurze a reštrukturalizácii a o zmene a doplnení niektorých zákonov v znení neskorších predpisov, ako aj upraviť povinnosti podnikateľských subjektov vyplývajúce z transpozície ustanovení smernice Európskeho parlamentu a Rady 2003/58/ES z 15. júla 2003, ktorou sa mení a dopĺňa smernica Rady 68/151/EHS v súvislosti s požiadavkami na zverejňovanie s ohľadom na určité typy spoločností. 
610 2 0 |a zákony 
610 2 0 |a Slovensko 
610 2 0 |a novelizácia 
610 2 0 |a zákonník obchodný 
100 1 |a Vajdová, Iveta